How to kill a country : (Record no. 14473)

000 -LEADER
fixed length control field 00713pam a2200217 a 4500
020 ## - INTERNATIONAL STANDARD BOOK NUMBER
ISBN 1741145856
040 ## - CATALOGING SOURCE
Transcribing agency ANL
082 04 - DEWEY DECIMAL CLASSIFICATION NUMBER
Classification number 382 ALL 2004 A068 Or.
100 1# - MAIN ENTRY--AUTHOR NAME
Personal name Weiss, Linda
245 10 - TITLE STATEMENT
Title How to kill a country :
Remainder of title Australia's devastating trade deal with the United States /
260 ## - PUBLICATION, DISTRIBUTION, ETC. (IMPRINT)
Place of publication Crows Nest, N.S.W. :
Name of publisher Allen & Unwin,
Year of publication 2004.
300 ## - PHYSICAL DESCRIPTION
Number of Pages x, 190 p. :
Other physical details ill. ;
Dimensions 20 cm.
650 #0 - SUBJECT ADDED ENTRY--TOPICAL TERM
Topical Term Free trade
650 #0 - SUBJECT ADDED ENTRY--TOPICAL TERM
Topical Term Free trade
650 #0 - SUBJECT ADDED ENTRY--TOPICAL TERM
Topical Term International trade.
700 1# - ADDED ENTRY--PERSONAL NAME
Personal name Thurbon, Elizabeth.
700 1# - ADDED ENTRY--PERSONAL NAME
Personal name Mathews, John A.
856 42 - ELECTRONIC LOCATION AND ACCESS
Uniform Resource Identifier http://www.loc.gov/catdir/enhancements/fy0627/2005391679-b.html
856 42 - ELECTRONIC LOCATION AND ACCESS
Uniform Resource Identifier http://www.loc.gov/catdir/enhancements/fy0627/2005391679-d.html
942 ## - ADDED ENTRY ELEMENTS (KOHA)
Koha item type សៀវភៅភាសាអង់គ្លេស
952 ## - LOCATION AND ITEM INFORMATION (KOHA)
Withdrawn status [LOCAL, KOHA] 0
Holdings
Permanent Location Date acquired Koha item type Lost status Shelving location Barcode Current Location Full call number
Library Block A2017-10-17សៀវភៅភាសាអង់គ្លេស A068A20849Library Block A382 ALL 2004 A068 Or.
មជ្ឈមណ្ឌលឯការនៃសាកលវិទ្យាល័យភូមិន្ទកសិកម្មចំការដូង

Powered by Koha